| 000 | 00779nam a2200253 a 4500 | ||
|---|---|---|---|
| 999 |
_c12340 _d12340 |
||
| 001 | 12340 | ||
| 003 | BD-JhCC | ||
| 005 | 20211102075300.0 | ||
| 008 | 211102b20102019bg |||| ||a| 000 0 Ben d | ||
| 020 | _a9787002201728 | ||
| 035 | _a(BD-JhCC)12340 | ||
| 040 |
_aBD-JhCC _dBD-JhCC |
||
| 041 | _aBengali | ||
| 082 |
_a297.63 _bASH 2019 |
||
| 100 | _aআশরাফ,সৈয়দ আলী | ||
| 245 |
_aদি প্রফেটস / _cসৈয়দ আলী আশরাফ, অনু: ড.রহমান হাবিব । |
||
| 260 |
_aঢাকা: _bসূচীপত্র; _c২০১৯. |
||
| 300 |
_a71 p. : _c22 cm. |
||
| 650 | _aMuslims | ||
| 650 | _aBiography | ||
| 700 | _aহাবিব, ড.রহমান | ||
| 942 |
_2ddc _cBK |
||